000 00255nam a2200109Ia 4500
008 190216s9999||||xx |||||||||||||| ||und||
100 _aNafees Baig
245 0 _aCost Accounts And Cost Control
260 _bKalyani Pub
_c1975
300 _a287p
942 _cBK
999 _c4340
_d4340